00376pab a2200133 454500008004000000100002100040245008700061260000900148300001600157362000800173650001900181650002400200773001800224180718b2007 xxu||||| |||| 00| 0 eng d aEzcurra, Roberto aIs income inequality harmful for regional growth? Evidence from the European Union c2007 ap.1953-971. aSep aEuropean Union aIncome distribution aUrban Studies